00519nam a2200205 a 4500001001300000003000900013005001700022008004100039020001000080082001700090100002100107245001300128260005200141300000900193500003500202505001000237650002500247650002000272700002100292nice12345678IN_TiNIC20260116013455.0050524s1988 pata grp 000 0 urd  ac10000a922.97bAZA5 aAzad, Abul Kalam aPaighaam aPatnabKhuda Bakhsh Oriental Pub. Libraryc1988 a216p aincludes index and biblioraphy2 aIndex aPaigham-Weeekly-1921 aAbul Kalam Azad1 aAzad, Abul Kalam